000 00851cam a2200289 i 4500
001 121465
005 20230410143105.0
008 770310s1992 enk b 001 0 eng
020 _a0333552571
020 _a033355258x (pbk.)
041 _aeng
050 1 4 _ab
100 1 _aLe Grand, Julian.
245 1 4 _aThe economics of social problems /
_cJulian Le Grand and Ray Robinson.
260 _aLondon :
_bMacmillan,
_c1992.
300 _axix, 245 p. :
_bgraphs ;
_c23 cm.
504 _aBibliography: p. [233]-237.
500 _aIncludes index.
650 _aCRV
650 _aColección René Villarreal.
650 0 _aSocial problems.
650 0 _aUnited States
_xSocial conditions
_y1945-
650 0 _aUnited States
_xEconomic conditions
_y1945-
700 1 _aRobinson, Ray,
_d1944-
_ejoint author.
942 _2lcc
_cbk
946 _ash
999 _c95518
_d95518